[Event "Tenerife-chT Preferente"]
[Site "Tenerife"]
[Date "2022.04.30"]
[Round "10.1"]
[White "Meneses Gonzalez, Kevin Moises"]
[Black "Mendez Acosta, Alexander Jesus"]
[Result "1-0"]
[WhiteElo "2223"]
[BlackElo "2041"]
[PlyCount "105"]
[EventDate "2022.01.29"]
[EventType "team-tourn"]
[EventRounds "14"]
[EventCountry "ESP"]
[SourceTitle "EXT 2024"]
[Source "ChessBase"]
[SourceDate "2023.10.10"]
[SourceVersion "1"]
[SourceVersionDate "2023.10.10"]
[SourceQuality "1"]
[WhiteTeam "Ebano Barrio Nuevo"]
[BlackTeam "Al Shah Mat Los Realejos"]
[WhiteTeamCountry "ESP"]
[BlackTeamCountry "ESP"]

1. e4 c5 2. Nf3 d6 3. d4 cxd4 4. Nxd4 Nf6 5. Nc3 g6 6. Be3 Bg7 7. f3 0-0 8. Qd2 Nc6 9. 0-0-0 d5 10. Nxc6 bxc6 11. Bh6 Qa5 12. Bxg7 Kxg7 13. g4 dxe4 14. Nxe4 Qxa2 15. Qc3 Kg8 16. Nxf6+ exf6 17. Bc4 Qa4 18. b3 Qa3+ 19. Kb1 Ba6 20. Bxa6 Qxa6 21. Qxf6 Qb5 22. h4 Rae8 23. Rd6 c5 24. h5 c4 25. hxg6 fxg6 26. Qh4 Rxf3 27. Qxh7+ Kf8 28. Qh8+ Ke7 29. Re1+ Kxd6 30. Rxe8 Rf1+ 31. Kb2 c3+ 32. Qxc3 Qxe8 33. Qd3+ Kc7 34. Qxf1 Qe4 35. Qf7+ Kb6 36. Qf6+ Kb7 37. g5 a5 38. Qd6 Qf5 39. Qe7+ Kc6 40. c4 Qf2+ 41. Ka3 Qc2 42. Qe6+ Kc7 43. Qe5+ Kd7 44. Qd5+ Ke7 45. Qxa5 Qc1+ 46. Ka4 Qa1+ 47. Kb5 Qe5+ 48. Ka6 Qd6+ 49. Kb7 Qd3 50. Qc5+ Ke8 51. b4 Qd7+ 52. Kb8 Qe6 53. b5 1-0

[Event "Tenerife-chT Preferente"]
[Site "Tenerife"]
[Date "2022.02.12"]
[Round "3.1"]
[White "Mendivil Anton, Daniel"]
[Black "Meneses Gonzalez, Kevin Moises"]
[Result "1/2-1/2"]
[WhiteElo "2191"]
[BlackElo "2223"]
[PlyCount "43"]
[EventDate "2022.01.29"]
[EventType "team-tourn"]
[EventRounds "14"]
[EventCountry "ESP"]
[SourceTitle "EXT 2024"]
[Source "ChessBase"]
[SourceDate "2023.10.10"]
[SourceVersion "1"]
[SourceVersionDate "2023.10.10"]
[SourceQuality "1"]
[WhiteTeam "Al Shah Mat Los Realejos"]
[BlackTeam "Ebano Barrio Nuevo"]
[WhiteTeamCountry "ESP"]
[BlackTeamCountry "ESP"]

1. d4 d5 2. Nf3 Nf6 3. e3 Bf5 4. Bd3 Bxd3 5. Qxd3 c6 6. 0-0 g6 7. Nbd2 Bg7 8. e4 dxe4 9. Nxe4 Nbd7 10. Re1 0-0 11. Bg5 Re8 12. Qb3 Qb6 13. Bxf6 Nxf6 14. Nc5 Nd5 15. Qxb6 axb6 16. Nd3 b5 17. a3 e6 18. Rad1 Nb6 19. c3 Na4 20. Re2 Rad8 21. Rde1 Bf8 22. h4 1/2-1/2

[Event "Tenerife-chT Preferente"]
[Site "Tenerife"]
[Date "2022.01.29"]
[Round "1.1"]
[White "Meneses Gonzalez, Kevin Moises"]
[Black "Gonzalez Garcia, Zoilo"]
[Result "1/2-1/2"]
[WhiteElo "2223"]
[BlackElo "2091"]
[PlyCount "153"]
[EventDate "2022.01.29"]
[EventType "team-tourn"]
[EventRounds "14"]
[EventCountry "ESP"]
[SourceTitle "EXT 2024"]
[Source "ChessBase"]
[SourceDate "2023.10.10"]
[SourceVersion "1"]
[SourceVersionDate "2023.10.10"]
[SourceQuality "1"]
[WhiteTeam "Ebano Barrio Nuevo"]
[BlackTeam "El Sauzal"]
[WhiteTeamCountry "ESP"]
[BlackTeamCountry "ESP"]

1. Nf3 Nf6 2. g3 d5 3. Bg2 e6 4. 0-0 Be7 5. d3 0-0 6. Nbd2 c5 7. e4 Nc6 8. Re1 Qc7 9. c3 b5 10. exd5 Nxd5 11. Ne4 Rd8 12. Bg5 f6 13. Bd2 Rb8 14. d4 cxd4 15. cxd4 Qb6 16. Nc3 Nxc3 17. bxc3 b4 18. Qe2 e5 19. Qc4+ Kh8 20. dxe5 Nxe5 21. Nxe5 fxe5 22. Be3 Qe6 23. Qxe6 Bxe6 24. Bxa7 bxc3 25. Bxb8 Rxb8 26. Rxe5 Rb6 27. Rc1 Bf6 28. Rc5 Kg8 29. Bd5 Bxd5 30. Rxd5 Rb2 31. a4 Ra2 32. a5 Kf7 33. Rb5 Bd4 34. Rf5+ Ke6 35. Rf4 Be5 36. Re4 Kd5 37. Rxe5+ Kxe5 38. Rxc3 Rxa5 39. Rc7 Kf6 40. h4 h5 41. Kg2 Ra3 42. Rc4 Rb3 43. Rc6+ Kf7 44. Rc7+ Kg6 45. Rc6+ Kh7 46. Ra6 Rb4 47. Ra5 g6 48. Kf3 Kh6 49. Rd5 Ra4 50. Rd6 Ra8 51. Kg2 Ra7 52. Re6 Kg7 53. Kf3 Ra3+ 54. Kf4 Ra4+ 55. Re4 Ra5 56. f3 Kf6 57. Rc4 Rf5+ 58. Ke4 Re5+ 59. Kd3 Rd5+ 60. Ke4 Re5+ 61. Kf4 Rf5+ 62. Ke3 Re5+ 63. Kf2 Ra5 64. g4 hxg4 65. fxg4 Ke5 66. Kg3 Ra3+ 67. Kh2 Ra2+ 68. Kg1 Ra1+ 69. Kg2 Ra3 70. Rb4 Ra2+ 71. Kg3 Ra3+ 72. Kf2 Ra2+ 73. Kf3 Ra3+ 74. Kf2 Ra2+ 75. Kg3 Ra3+ 76. Kg2 Ra2+ 77. Kf3 1/2-1/2

[Event "Tenerife-chT Preferente"]
[Site "Tenerife"]
[Date "2021.05.15"]
[Round "6.2"]
[White "Meneses Gonzalez, Kevin Moises"]
[Black "Martin Luis, Cesar"]
[Result "1/2-1/2"]
[WhiteElo "2241"]
[BlackElo "2106"]
[PlyCount "61"]
[EventDate "2021.02.27"]
[EventType "team-tourn"]
[EventRounds "14"]
[EventCountry "ESP"]
[SourceTitle "EXT 2023"]
[Source "ChessBase"]
[SourceDate "2022.10.05"]
[SourceVersion "1"]
[SourceVersionDate "2022.10.05"]
[SourceQuality "1"]
[WhiteTeam "Fundacion La Caja de Canarias"]
[BlackTeam "Rey Ahogado"]
[WhiteTeamCountry "ESP"]
[BlackTeamCountry "ESP"]

1. e4 e6 2. d4 d5 3. Nc3 Bb4 4. e5 c5 5. a3 Bxc3+ 6. bxc3 Ne7 7. Qg4 Qc7 8. Qxg7 Rg8 9. Qxh7 cxd4 10. Ne2 Bd7 11. Qd3 dxc3 12. f4 Nbc6 13. h4 0-0-0 14. h5 d4 15. h6 Rh8 16. h7 Be8 17. Ng3 f5 18. exf6 Ng6 19. Ne4 Nxf4 20. Qg3 e5 21. Qg7 Bg6 22. Ng5 Bxc2 23. Bxf4 exf4 24. Qxc7+ Kxc7 25. Ne6+ Kd7 26. Nxd8 Kxd8 27. Rh4 Rxh7 28. Rxf4 Ke8 29. Rc1 d3 30. Bxd3 Bxd3 31. Rxc3 1/2-1/2

[Event "Titled Tuesday intern op 04th May"]
[Site "Chess.com INT"]
[Date "2021.05.04"]
[Round "6"]
[White "Manolache, Marius"]
[Black "Meneses Gonzalez, Kevin Moises"]
[Result "1-0"]
[WhiteElo "2533"]
[BlackElo "2241"]
[PlyCount "75"]
[EventDate "2021.05.04"]
[EventType "swiss (blitz)"]
[EventRounds "11"]
[EventCountry "USA"]
[SourceTitle "CBM 202 Extra"]
[Source "ChessBase"]
[SourceDate "2021.07.31"]
[SourceVersion "1"]
[SourceVersionDate "2021.07.31"]
[SourceQuality "1"]

1. d4 Nf6 2. Bg5 Ne4 3. Bf4 c5 4. d5 d6 5. f3 Qa5+ 6. c3 Nf6 7. e4 Qb6 8. Nd2 g6 9. Nc4 Qc7 10. a4 Bg7 11. Qd2 0-0 12. Bh6 Nbd7 13. Bxg7 Kxg7 14. h4 h5 15. Nh3 Nb6 16. Ng5 Nxc4 17. Bxc4 Rb8 18. 0-0 Bd7 19. Rfe1 b5 20. axb5 Bxb5 21. Bxb5 Rxb5 22. Re2 Rfb8 23. Ra2 Qb6 24. Kh2 a5 25. Qf4 Qc7 26. g4 hxg4 27. fxg4 Rh8 28. Kg2 Rxh4 29. Kg3 Rxg4+ 30. Qxg4 Nxg4 31. Kxg4 Qd7+ 32. Kf4 Rb8 33. Rh2 Kf6 34. Rh7 Rf8 35. b3 Qc7 36. Rf2 c4 37. e5+ dxe5+ 38. Kg4# 1-0

[Event "Titled Tuesday intern op 04th May"]
[Site "Chess.com INT"]
[Date "2021.05.04"]
[Round "4"]
[White "Meneses Gonzalez, Kevin Moises"]
[Black "Borawski, Jakub"]
[Result "1-0"]
[WhiteElo "2241"]
[BlackElo "2222"]
[PlyCount "93"]
[EventDate "2021.05.04"]
[EventType "swiss (blitz)"]
[EventRounds "11"]
[EventCountry "USA"]
[SourceTitle "CBM 202 Extra"]
[Source "ChessBase"]
[SourceDate "2021.07.31"]
[SourceVersion "1"]
[SourceVersionDate "2021.07.31"]
[SourceQuality "1"]

1. e4 e5 2. Nf3 Nc6 3. Bb5 a6 4. Ba4 Nf6 5. 0-0 Be7 6. Re1 b5 7. Bb3 d6 8. c3 0-0 9. h3 Nb8 10. d4 Nbd7 11. Nbd2 Bb7 12. Bc2 Re8 13. Nf1 Bf8 14. Ng3 g6 15. a4 exd4 16. cxd4 c5 17. d5 Bg7 18. Bf4 Nb6 19. a5 Nc4 20. b3 Ne5 21. Nxe5 dxe5 22. Be3 Qd6 23. Rc1 Rac8 24. Bb1 Nd7 25. Qd2 h5 26. Bg5 f6 27. Bh6 h4 28. Nf1 Qf8 29. Be3 f5 30. Bg5 Nf6 31. exf5 gxf5 32. Bxf5 Nxd5 33. Bxc8 Rxc8 34. Ne3 Nf4 35. Bxh4 Rc7 36. Rcd1 Qf7 37. Qd8+ Kh7 38. Bg5 Ne6 39. Qd3+ e4 40. Qd6 Nxg5 41. Nd5 Bxd5 42. Rxd5 Ne6 43. Rxe4 Nd4 44. Rh4+ Kg8 45. Qd8+ Qf8 46. Qxc7 Ne2+ 47. Kh2 1-0

[Event "Titled Tuesday intern op 04th May"]
[Site "Chess.com INT"]
[Date "2021.05.04"]
[Round "7"]
[White "Meneses Gonzalez, Kevin Moises"]
[Black "Priyanka, K."]
[Result "1-0"]
[WhiteElo "2241"]
[BlackElo "2218"]
[PlyCount "95"]
[EventDate "2021.05.04"]
[EventType "swiss (blitz)"]
[EventRounds "11"]
[EventCountry "USA"]
[SourceTitle "CBM 202 Extra"]
[Source "ChessBase"]
[SourceDate "2021.07.31"]
[SourceVersion "1"]
[SourceVersionDate "2021.07.31"]
[SourceQuality "1"]

1. e4 c5 2. Nf3 d6 3. d4 cxd4 4. Nxd4 Nf6 5. Nc3 a6 6. Bg5 e6 7. f4 Qc7 8. Qf3 b5 9. Bxf6 gxf6 10. 0-0-0 b4 11. Nd5 exd5 12. exd5 Bb7 13. Bd3 Nd7 14. Rhe1+ Kd8 15. Bf5 Rc8 16. Re2 Bh6 17. Kb1 Rb8 18. Qh5 Bxd5 19. Bxd7 Qxd7 20. Qxd5 Bxf4 21. Nc6+ Kc7 22. Re7 Rb5 23. Rxd7+ Kxd7 24. Qf3 Be5 25. Nxe5+ fxe5 26. Qxf7+ Kc6 27. Rxd6+ Kxd6 28. Qf6+ Kd5 29. Qxh8 Rc5 30. Qxh7 Rc6 31. Qf7+ Re6 32. h4 e4 33. Kc1 e3 34. Kd1 e2+ 35. Ke1 Kd6 36. Qxe6+ Kxe6 37. Kxe2 Kf5 38. Kf3 Kg6 39. g4 Kh6 40. Kf4 Kg6 41. c4 bxc3 42. bxc3 Kf6 43. c4 Ke6 44. h5 Kd6 45. h6 Kc5 46. h7 Kxc4 47. h8Q a5 48. Qd8 1-0

[Event "Titled Tuesday intern op 27th Apr"]
[Site "Chess.com INT"]
[Date "2021.04.27"]
[Round "5"]
[White "Bartel, Michal"]
[Black "Meneses Gonzalez, Kevin Moises"]
[Result "1-0"]
[WhiteElo "2262"]
[BlackElo "2241"]
[PlyCount "111"]
[EventDate "2021.04.27"]
[EventType "swiss (blitz)"]
[EventRounds "11"]
[EventCountry "USA"]
[SourceTitle "CBM 202 Extra"]
[Source "ChessBase"]
[SourceDate "2021.07.31"]
[SourceVersion "1"]
[SourceVersionDate "2021.07.31"]
[SourceQuality "1"]

1. e4 c5 2. Ne2 Nc6 3. g3 g6 4. Bg2 Bg7 5. c3 e5 6. d3 Nge7 7. Be3 d6 8. Nd2 0-0 9. f4 exf4 10. Nxf4 f5 11. 0-0 fxe4 12. Nxe4 Nf5 13. Bf2 Kh8 14. g4 Nh4 15. Bxh4 Qxh4 16. Nxd6 Bxg4 17. Qe1 Qg5 18. Ne4 Qe5 19. Qg3 Bf5 20. Rae1 Rad8 21. Ng5 Qf6 22. Nfe6 Rxd3 23. Qh4 h6 24. Nxf8 Bxf8 25. Nf3 Bg7 26. Re8+ Kh7 27. Qxf6 Bxf6 28. Ne1 Rd2 29. Rf2 Rd1 30. Rf1 Ne5 31. Nf3 Nxf3+ 32. Bxf3 Rd2 33. Rf2 Rd7 34. Kg2 h5 35. Be4 Bxe4+ 36. Rxe4 Kg7 37. Re6 Bg5 38. Re5 Be7 39. Rfe2 Bf8 40. Re8 b6 41. Ra8 Rf7 42. Rf2 Rxf2+ 43. Kxf2 Bd6 44. Rxa7+ Kf6 45. h3 c4 46. Kf3 Kf5 47. Rb7 Bc5 48. a4 g5 49. Rc7 g4+ 50. hxg4+ hxg4+ 51. Kg2 Kf4 52. a5 Be3 53. Rxc4+ Kf5 54. a6 b5 55. Rb4 Bc5 56. Rxb5 1-0

[Event "Titled Tuesday intern op 27th Apr"]
[Site "Chess.com INT"]
[Date "2021.04.27"]
[Round "7"]
[White "Jarocka, Liwia"]
[Black "Meneses Gonzalez, Kevin Moises"]
[Result "1-0"]
[WhiteElo "2009"]
[BlackElo "2241"]
[PlyCount "65"]
[EventDate "2021.04.27"]
[EventType "swiss (blitz)"]
[EventRounds "11"]
[EventCountry "USA"]
[SourceTitle "CBM 202 Extra"]
[Source "ChessBase"]
[SourceDate "2021.07.31"]
[SourceVersion "1"]
[SourceVersionDate "2021.07.31"]
[SourceQuality "1"]

1. e4 c5 2. Nf3 d6 3. d4 cxd4 4. Nxd4 Nf6 5. Nc3 Nc6 6. Bg5 e6 7. Qd2 a6 8. 0-0-0 Bd7 9. f4 b5 10. Bxf6 gxf6 11. Kb1 Qb6 12. Nce2 Na5 13. b3 Rc8 14. g4 Bg7 15. h4 f5 16. gxf5 Nc4 17. bxc4 bxc4+ 18. Ka1 c3 19. Nxc3 Qb4 20. Nce2 Qa4 21. c3 exf5 22. exf5 Kd8 23. Bg2 Re8 24. Rhe1 Qa5 25. Qb2 Re3 26. Rc1 Kc7 27. Nb3 Qb6 28. Ned4 Rg3 29. Bd5 Kb8 30. Bxf7 Ka7 31. Be6 Qc7 32. Qf2 Ka8 33. Qxg3 1-0

[Event "Titled Tuesday intern op 27th Apr"]
[Site "Chess.com INT"]
[Date "2021.04.27"]
[Round "2"]
[White "Meneses Gonzalez, Kevin Moises"]
[Black "Ozer, Omer Faruk"]
[Result "0-1"]
[WhiteElo "2241"]
[BlackElo "2317"]
[PlyCount "72"]
[EventDate "2021.04.27"]
[EventType "swiss (blitz)"]
[EventRounds "11"]
[EventCountry "USA"]
[SourceTitle "CBM 202 Extra"]
[Source "ChessBase"]
[SourceDate "2021.07.31"]
[SourceVersion "1"]
[SourceVersionDate "2021.07.31"]
[SourceQuality "1"]

1. Nf3 c5 2. g3 Nc6 3. Bg2 g6 4. 0-0 Bg7 5. c4 Nh6 6. Nc3 Nf5 7. Rb1 0-0 8. a3 a5 9. e3 d6 10. d4 cxd4 11. exd4 Nfxd4 12. Nxd4 Nxd4 13. Be3 Nc6 14. Nd5 Bf5 15. Bb6 Qd7 16. Qa4 Bxb1 17. Rxb1 e6 18. Ne3 Ra6 19. Qb5 Ne5 20. Bd4 Qxb5 21. cxb5 Raa8 22. Bxb7 Rab8 23. Bg2 Rxb5 24. Bc3 Nf3+ 25. Bxf3 Bxc3 26. b3 Rfb8 27. Bd1 d5 28. Kf1 Bd4 29. Ng4 h5 30. Ne3 Rc5 31. Nc2 Be5 32. b4 axb4 33. Nxb4 Rc3 34. Ra1 Bd6 35. Nc2 Rb2 36. Ke2 Rcxc2+ 0-1

[Event "Titled Tuesday intern op 27th Apr"]
[Site "Chess.com INT"]
[Date "2021.04.27"]
[Round "8"]
[White "Sikorova, Olga"]
[Black "Meneses Gonzalez, Kevin Moises"]
[Result "0-1"]
[WhiteElo "2215"]
[BlackElo "2241"]
[PlyCount "100"]
[EventDate "2021.04.27"]
[EventType "swiss (blitz)"]
[EventRounds "11"]
[EventCountry "USA"]
[SourceTitle "CBM 202 Extra"]
[Source "ChessBase"]
[SourceDate "2021.07.31"]
[SourceVersion "1"]
[SourceVersionDate "2021.07.31"]
[SourceQuality "1"]

1. c4 Nf6 2. g3 g6 3. Bg2 Bg7 4. Nc3 d6 5. e4 0-0 6. Nge2 c5 7. 0-0 Nc6 8. d3 Rb8 9. h3 Ne8 10. Be3 Nc7 11. d4 cxd4 12. Nxd4 Ne6 13. Nde2 a6 14. Rc1 Bd7 15. f4 b5 16. cxb5 axb5 17. b3 Nc5 18. e5 Re8 19. Qd2 b4 20. Nd5 Qa5 21. Nd4 Nxd4 22. Bxd4 Bb5 23. Rf3 Ne6 24. Ba1 Red8 25. Nxe7+ Kf8 26. exd6 Qb6+ 27. Kh2 Bxa1 28. Rxa1 Rxd6 29. Qxb4 Kxe7 30. f5 gxf5 31. Rxf5 Bd7 32. Qh4+ Ke8 33. Qxh7 Qd4 34. Qxf7+ Kd8 35. Re1 Kc7 36. Rc1+ Kb6 37. Qh5 Rf8 38. Rxf8 Nxf8 39. Rc4 Qf6 40. Qc5+ Ka6 41. Rb4 Rb6 42. Qc4+ Ka7 43. Rxb6 Qxb6 44. Qf4 Ne6 45. h4 Nxf4 46. gxf4 Qd4 47. Kg3 Qf6 48. Bf3 Bf5 49. h5 Qg7+ 50. Kh4 Qh6 0-1

[Event "Titled Tuesday intern op 26th Jan"]
[Site "Chess.com INT"]
[Date "2021.01.26"]
[Round "7"]
[White "Meneses Gonzalez, Kevin Moises"]
[Black "Buker, Muhittin"]
[Result "1-0"]
[WhiteElo "2241"]
[BlackElo "1996"]
[PlyCount "63"]
[EventDate "2021.01.26"]
[EventType "swiss (blitz)"]
[EventRounds "11"]
[EventCountry "USA"]
[SourceTitle "CBM 200 Extra"]
[Source "ChessBase"]
[SourceDate "2021.03.31"]
[SourceVersion "1"]
[SourceVersionDate "2021.03.31"]
[SourceQuality "1"]

1. Nf3 Nf6 2. g3 d5 3. Bg2 Bg4 4. 0-0 Nbd7 5. d4 e6 6. Ne5 Nxe5 7. dxe5 Nd7 8. c4 c6 9. cxd5 cxd5 10. Bf4 Be7 11. h3 Bh5 12. Nd2 0-0 13. Nf3 Rc8 14. Qd2 Nc5 15. Nd4 Ne4 16. Bxe4 dxe4 17. Rfd1 a6 18. Qe3 Bc5 19. Qxe4 Qb6 20. Be3 Bg6 21. Qg4 Rfd8 22. Nc2 Bxc2 23. Bxc5 Rxc5 24. Qb4 Rxd1+ 25. Rxd1 Rb5 26. Qc3 g6 27. Qxc2 Rxb2 28. Qe4 Rxa2 29. Qh4 h6 30. Rd8+ Kh7 31. Qf6 Qc7 32. Rh8# 1-0

[Event "Online Chess Stars Gp-B"]
[Site "chess24.com INT"]
[Date "2020.11.06"]
[Round "4"]
[White "Sanchez Corujo, Jose Ignacio"]
[Black "Meneses Gonzalez, Kevin Moises"]
[Result "0-1"]
[WhiteElo "2210"]
[BlackElo "2241"]
[PlyCount "74"]
[EventDate "2020.11.06"]
[EventType "tourn (blitz)"]
[EventRounds "7"]
[EventCountry "ESP"]
[EventCategory "6"]
[SourceTitle "CBM 199 Extra"]
[Source "ChessBase"]
[SourceDate "2021.01.31"]
[SourceVersion "1"]
[SourceVersionDate "2021.01.31"]
[SourceQuality "1"]

1. e4 c5 2. Nf3 d6 3. d4 cxd4 4. Nxd4 Nf6 5. Nc3 Nc6 6. g3 e6 7. Bg2 Bd7 8. Nb3 Be7 9. 0-0 0-0 10. Qe2 a6 11. Rd1 Qc7 12. a4 Ne5 13. h3 Rfd8 14. Bg5 h6 15. Bc1 Rac8 16. Kh2 Nc4 17. Nd2 b5 18. axb5 axb5 19. Nxc4 bxc4 20. Be3 Qb8 21. Qd2 Bc6 22. Ra7 Rd7 23. Rxd7 Nxd7 24. Rb1 Qb7 25. Bd4 Nf6 26. Bxf6 Bxf6 27. f3 Qb4 28. Qe3 Rb8 29. Nd1 c3 30. b3 Bd4 31. Qd3 Qc5 32. b4 Rxb4 33. Rxb4 Qxb4 34. Qa6 Qc5 35. Qc8+ Kh7 36. Qd8 Bf6 37. h4 Bxd8 0-1

[Event "Lanzarote op"]
[Site "Lanzarote"]
[Date "2019.06.30"]
[Round "9"]
[White "Gil Ojeda, Jorge"]
[Black "Meneses Gonzalez, Kevin Moises"]
[Result "0-1"]
[WhiteElo "1922"]
[BlackElo "2278"]
[PlyCount "76"]
[EventDate "2019.06.24"]
[EventType "swiss"]
[EventRounds "9"]
[EventCountry "ESP"]
[SourceTitle "CBM 191 Extra"]
[Source "ChessBase"]
[SourceDate "2019.09.30"]
[SourceVersion "1"]
[SourceVersionDate "2019.09.30"]
[SourceQuality "1"]

1. e4 c5 2. Nf3 Nc6 3. d4 cxd4 4. Nxd4 Qb6 5. Nb3 Nf6 6. Nc3 e6 7. Bd3 Be7 8. Be3 Qc7 9. f4 d6 10. Qf3 a6 11. 0-0 0-0 12. g4 Re8 13. g5 Nd7 14. Qh5 Bf8 15. Rf3 g6 16. Qh4 b5 17. Rh3 h5 18. gxh6 Kh7 19. Nd2 Be7 20. Qg3 Bb7 21. Nf3 Rg8 22. Rf1 Raf8 23. Ne2 Nb4 24. Bd4 f6 25. Kh1 e5 26. Be3 d5 27. exd5 Bxd5 28. Nc3 Bb7 29. Kg1 exf4 30. Qxf4 Qxf4 31. Bxf4 Nxd3 32. cxd3 g5 33. Re1 gxf4+ 34. Kf2 Ne5 35. Nxe5 Bc5+ 36. Ke2 fxe5 37. Kd2 Bc8 38. Rh4 Bf2 0-1

[Event "Lanzarote op"]
[Site "Lanzarote"]
[Date "2019.06.29"]
[Round "8"]
[White "Meneses Gonzalez, Kevin Moises"]
[Black "Perez Cejudo, Carmelo"]
[Result "1/2-1/2"]
[WhiteElo "2278"]
[BlackElo "1920"]
[PlyCount "70"]
[EventDate "2019.06.24"]
[EventType "swiss"]
[EventRounds "9"]
[EventCountry "ESP"]
[SourceTitle "CBM 191 Extra"]
[Source "ChessBase"]
[SourceDate "2019.09.30"]
[SourceVersion "1"]
[SourceVersionDate "2019.09.30"]
[SourceQuality "1"]

1. d4 Nf6 2. c4 g6 3. Nc3 Bg7 4. e4 d6 5. f3 0-0 6. Be3 Nc6 7. Nge2 e5 8. d5 Nd4 9. Nxd4 exd4 10. Bxd4 c5 11. dxc6 bxc6 12. Qd2 c5 13. Be3 Be6 14. Rc1 Nh5 15. Be2 Qh4+ 16. Bf2 Qe7 17. f4 Nf6 18. 0-0 Ng4 19. Bxg4 Bxg4 20. Nd5 Qb7 21. f5 gxf5 22. h3 Bh5 23. exf5 f6 24. Bg3 Rad8 25. Rfe1 Rd7 26. Re6 Kh8 27. Bxd6 Rg8 28. Rce1 Bf7 29. Re8 Bxd5 30. cxd5 Rxd6 31. Rxg8+ Kxg8 32. Re8+ Kf7 33. Qe2 Bf8 34. Qh5+ Kg8 35. Qg4+ Qg7 1/2-1/2